Szczegóły MARC21

Cash flow : kontrola przepływu środków pieniężnych : poradnik, który pomoże ci zarządzać przepływem środków pieniężnych = The cash flow control guide : a handbook to help you manage your business' cash flow /

003 -Nazwa inst., której nr kontr. jest w polu 001 [,]
    • @
    • Nazwa instytucji, której n kontrolny jest w polu 001
    • NUKAT
005 -DATA I CZAS OSTATNIEJ MODYFIKACJI [,]
    • @
    • pole kontrolne
    • 20241231102049.0
020 -Międzynarod. znormalizowany nr książki - ISBN [ , ]
    • a
    • Numer ISBN
    • 8385428461 Find
040 -Instytucja sporządzająca opis [ , ]
    • a
    • Instytucja, która sporządziła opis (NP)
    • WA M/HB
    • c
    • Instytucja, która sporządziła rekord (NP)
    • WA M/HB
    • d
    • Instytucja, która zmodyfikowała rekord (P)
    • WA M/IW
    • d
    • Instytucja, która zmodyfikowała rekord (P)
    • Ł U/AGs
041 -Język dokumentu [1, ]
    • a
    • Język tekstu (P)
    • angielski
    • a
    • Język tekstu (P)
    • polski
    • h
    • Język tekstu oryginalnego i/lub pośredniego (P)
    • angielski
942 -Rodzaj dokumentu [ , ]
    • c
    • Rodzaj dokumentu
    • Książka
100 -Hasło główne - nazwa osobowa [1, ]
    • a
    • Nazwa osobowa (NP)
    • Bangs, David H.
    • 9
    • KHW
    • 698904
245 -Strefa tytułu i oznaczenia odpowiedzialności [1,0]
    • a
    • Tytuł
    • Cash flow : Find
    • b
    • Ciąg dalszy tytułu (NP)
    • kontrola przepływu środków pieniężnych : poradnik, który pomoże ci zarządzać przepływem środków pieniężnych = The cash flow control guide : a handbook to help you manage your business' cash flow / Find
    • c
    • Pozostałe elementy strefy tytułu i oznaczenia odpowiedzialności (NP)
    • David H. Bangs ; [tł. Łukasz Tuszyński].
246 -Wariant tytułu [3,1]
    • a
    • Tytuł (NP)
    • Cash flow control guide
246 -Wariant tytułu [3,0]
    • a
    • Tytuł (NP)
    • Kontrola przepływu środków pieniężnych
260 -Strefa adresu wydawniczego [ , ]
    • a
    • Miejsce wydania (P)
    • Warszawa :
    • b
    • Nazwa wydawcy (P)
    • Agencja Wydawnicza Placet,
    • c
    • Data wydania (P)
    • 1999.
300 -Strefa opisu fizycznego [ , ]
    • a
    • Określenie formy książki i/lub objętość (NP)
    • 123, [4] s. ;
    • c
    • Format (NP)
    • 24 cm.
336 -Typ zawartości [ , ]
    • a
    • Termin opisujący typ zawartości
    • Tekst
    • b
    • Kod określający zawartość
    • txt
    • 2
    • Źródło (terminu i kodu)
    • rdacontent
337 -Typ mediów [ , ]
    • a
    • Tryb odtwarzania
    • Bez urządzenia pośredniczącego
    • b
    • Kod typu mediów
    • n
    • 2
    • Źródło (terminu i kodu)
    • rdamedia
338 -Typ/rodzaj nośnika [ , ]
    • a
    • Hasło opisujące typ nośnika
    • Wolumin
    • b
    • Kod typu nośnika
    • nc
    • 2
    • Źródło (terminu i kodu)
    • rdacarrier
500 -Uwaga ogólna [ , ]
    • a
    • Uwaga ogólna (NP)
    • U dołu okł. podtyt.: poradnik dla przedsiębiorczych.
546 -Uwaga dot. języka [ , ]
    • a
    • Uwaga dot. języka
    • Tekst równol. ang. i przekł. pol.
080 -Uniwersalna Klasyfikacja Dziesiętna [ , ]
    • a
    • Symbol klasyfikacji
    • 658.14/.17=20=84
080 -Uniwersalna Klasyfikacja Dziesiętna [ , ]
    • a
    • Symbol klasyfikacji
    • :657=20=84
650 -Hasło przedmiotowe [ ,7]
    • a
    • Hasło przedmiotowe
    • Przepływ środków pieniężnych
    • v
    • Określnik formalny
    • poradniki.
    • 2
    • Źródło terminu
    • kaba
    • 9
    • KHW
    • 433718
980 -Symbol UKD [ , ]
    • a
    • UKD
    • 658.14/.17:657]=20=84
700 -Hasło dodatkowe - nazwa osobowa [1, ]
    • a
    • Nazwa osobowa (NP)
    • Tuszyński, Łukasz. Find
    • e
    • Określenie rodzaju współpracy
    • Tł.
    • 9
    • KHW
    • 699121
710 -Hasło dodatkowe - nazwa ciała zbiorowego [2, ]
    • a
    • Nazwa ciała zbiorowego lub nazwa geograficzna jako pierwszy element (NP)
    • Agencja Wydawniczo-Poligraficzna Placet.
    • 4
    • Kod relacji
    • pbl
    • 9
    • KHW
    • 64652
920 -ISBN [ , ]
    • a
    • ISBN
    • 83-85428-46-1 Find
Sygnatura Numer inwentarzowy Status udost. Lokalizacja Data inwentaryzacji
 E.67140-2BE2000-08-02
 S.865632BE2000-08-02
 S.865682BE2000-08-02
 S.865692BE2000-08-02
 S.865702BE2000-08-02
 S.865712BE2000-08-02
 S.86565-3BE 
 S.86566-3BE 
 S.86567-3BE 
T.4970T.4970-2T2001-03-28